banner-ar

المقتضب من كتاب تحفة القادم / (Record no. 63475)

MARC details
000 -الفاتح
حقل البيانات ثابتة الطول 00879nam a2200241Ia 4500
005 - وقت وتاريخ اخر تعامل مع التسجيلة
رقم الضبط 20240530110643.0
008 - عناصر البيانات ثابتة الطول - معلومات عامة
حقل البيانات ثابتة الطول 140319s9999 xx 000 0 ara d
040 ## - مصدر الفهرسة
وكالة الفهرسة الأصلية GCL /
وكالة النسخ GCL
082 04 - رقم تصنيف ديوى العشرى
رقم التصنيف 953.071
رقم المادة ا م
100 1# - المدخل الرئيسى - إسم شخصى
الإسم الشخصى ابن الابار : ابوعبدالله محمد بن عبدالله بن ابى بكر
245 10 - بيان العنوان
العنوان المقتضب من كتاب تحفة القادم /
بيان المسئوليه,etc ابن الابار : ابوعبدالله محمد بن عبدالله بن ابى بكر
260 ## - PUBLICATION, DISTRIBUTION, ETC. (IMPRINT)
تاريخ النشر أو التوزيع 1990
300 ## - الوصف المادى
التعداد 256 ص
490 ## - بيان السلسلة
عنوان السلسلة سلسلة اللغات للمسافر
رقم المجلد/ التعيين التسلسلي 0
650 04 - المدخل الاضافى بالموضوع-مصطلح موضوعى
مصطلح موضوعي الشعر العربى
650 04 - المدخل الاضافى بالموضوع-مصطلح موضوعى
مصطلح موضوعي الاندلس
650 04 - المدخل الاضافى بالموضوع-مصطلح موضوعى
مصطلح موضوعي الشعراء
650 04 - المدخل الاضافى بالموضوع-مصطلح موضوعى
مصطلح موضوعي فتح الاندلس
650 04 - المدخل الاضافى بالموضوع-مصطلح موضوعى
مصطلح موضوعي المجموعات
700 1# - المدخل الاضافى - اسم شخصى
الإسم الشخصى ابراهيم الابيارى
942 ## - عناصر المدخل الإضافي( كوها)
مصدر التصنيف او مخطط الترفيف Dewey Decimal Classification
Koha [default] item type المراجع
260 ## - PUBLICATION, DISTRIBUTION, ETC. (IMPRINT)
-- [S.N] :
-- دار الكتاب المصرى ،
Holdings
حالة التراجع حالة الفقد مصدر التصنيف او خطة الترفيف حالة تلف ليس للاعارة المكان المؤقت الموقع الحالى تاريخ الاكتساب اجمالي اﻻعارات رقم الطلب الباركود تاريخ اخر مشاهدة تاريخ تفعيل السعر نوع وعاء كوها
    ddc     مكتبة القاهرة الكبرى مكتبة القاهرة الكبرى 10/25/2017   953.071 ا م 163524 10/25/2017 10/25/2017 المراجع
    ddc     مكتبة القاهرة الكبرى مكتبة القاهرة الكبرى 10/25/2017   953.071 ا م 163525 10/25/2017 10/25/2017 المراجع
    ddc     مكتبة القاهرة الكبرى مكتبة القاهرة الكبرى 10/25/2017   953.071 ا م 163526 10/25/2017 10/25/2017 المراجع
    ddc     مكتبة القاهرة الكبرى مكتبة القاهرة الكبرى 10/25/2017   953.071 ا م 163527 10/25/2017 10/25/2017 المراجع
    ddc     مكتبة القاهرة الكبرى مكتبة القاهرة الكبرى 10/25/2017   953.071 ا م 163528 10/25/2017 10/25/2017 المراجع

Powered By

EGPV